Thomae Willis medicinae Doctoris, naturalis philosoh. profes. oxonensis, necnon inclyti medicorum collegii londinensis, & societatis regiae socii opera omnia : ex nupera editione gravissimis undequaeque, atque ad publicam perniciem erroribus scatente tamquam ab excidio summo labore, eximioque studio vindicata, atque ad pristinam puritatem, integritatemque restituta

Detalles Bibliográficos
Autor principal: Willis, Thomas 1621-1675
Formato: Libro
Lenguaje:Latin
Publicado: Venetiis 1720
Materias:
Colección:Banco de datos
Acervo:Biblioteca Armando Olivares Carrillo de la Universidad de Guanajuato. Fondo Conventos
Descripción Física:2 t. en 1 v. il. f°
Tema general:Medicina
Notas:Incluye ilustraciones en grabado calcográfico
Marca de fuego: Convento de san Francisco de Salamanca, Gto.
Daños de polilla y en la encuadernación
LEADER 01235nam a22002290004500
035 |a 4294 
041 0 |a lat 
050 4 |a R702  |b W5 
100 1 |a Willis, Thomas  |d 1621-1675 
245 1 0 |a Thomae Willis medicinae Doctoris, naturalis philosoh. profes. oxonensis, necnon inclyti medicorum collegii londinensis, & societatis regiae socii opera omnia : ex nupera editione gravissimis undequaeque, atque ad publicam perniciem erroribus scatente tamquam ab excidio summo labore, eximioque studio vindicata, atque ad pristinam puritatem, integritatemque restituta 
260 |a Venetiis  |b apud Joannem Malachinum ; impensis Julii de Maphaeis  |c 1720 
300 |a 2 t. en 1 v.  |b il.  |c f° 
500 |a Incluye ilustraciones en grabado calcográfico 
500 |a Marca de fuego: Convento de san Francisco de Salamanca, Gto. 
500 |a Daños de polilla y en la encuadernación 
505 0 0 |a t.2 Continens I. De anima brutorum exercitationes duas, II Pharmaceuticae rationalis partes duas 
600 1 4 |a Willis, Thomas  |d 1621-1675 - Obras 
650 1 0 |a Medicina 
949 |a CO. t. 1 (7776), t. 2 (7776) 
942 |c GUANAJUATO 
943 |g Biblioteca Armando Olivares Carrillo de la Universidad de Guanajuato. Fondo Conventos 
999 |c 1148251  |d 1148251